000 00385nam a2200169Ia 4500
005 20250423095307.0
008 250422s9999 xx 000 0 und d
020 _a9789475889
050 _aHD 1375 .O36/
100 _aOkoh, Victor Philip Okorie
245 0 _aEstate finance
260 _aLagos
260 _bTerry Publishers
260 _c2015
300 _a203 p
942 _cBK
999 _c29831
_d29831